Countries not invited to Queen Elizabeth II's funeral - Statistics

General Stats
  • This quiz has been taken 49 times
  • The average score is 6 of 9
Answer Stats
Hint Answer % Correct
Ambassadorial invitation North Korea
79%
Not invited Russia
79%
Ambassadorial invitation Iran
76%
Not invited Syria
74%
Not invited Afghanistan
71%
Not invited Belarus
66%
Not invited Venezuela
66%
Not invited Myanmar
53%
Ambassadorial invitation Nicaragua
21%
No matching quizzes found
Score Distribution
Percent of People with Each Score
Percentile by Number Answered
Your Score History
You have not taken this quiz